| 000 | nam a22 a 4500 | ||
|---|---|---|---|
| 999 |
_c2542 _d2542 |
||
| 003 | AKMAL | ||
| 005 | 20170517110109.0 | ||
| 008 | 170517t1997 my 00 may d | ||
| 020 |
_a9835200939 (kkt.): _cRM 41.00 |
||
| 040 | _aAKMAL | ||
| 082 | 0 | 4 |
_a621.43 STO _221 |
| 090 | 0 | 0 |
_a621.43 _bSTO |
| 100 | 1 |
_aStone, Richard, _d1955- _95295 |
|
| 245 | 1 | 0 |
_aPengenalan kepada enjin pembakaran dalam / _cRichard Stone ; penterjemah Khalid Hasnan |
| 250 | _aEd. ke 2 | ||
| 260 |
_aSkudai : _bPenerbit Universiti Teknologi Malaysia, _c1997 |
||
| 300 |
_axviii, : _bil. ; _c23cm |
||
| 500 | _aMengandungi indeks | ||
| 504 | _aBibliografi : ms. [575]-589 | ||
| 650 | 0 |
_aInternal combustion engines _95296 |
|
| 700 | 0 |
_aKhalid Hasnan _95297 |
|
| 942 |
_2ddc _cBOOK |
||